LEADER 01147nam0 22003131i 450 001 RML0296902 005 20231121125740.0 010 $a883484355X 100 $a20121121d2004 ||||0itac50 ba 101 | $aita 102 $ait 181 1$6z01$ai $bxxxe 182 1$6z01$an 200 1 $a˜L'œimpresa agraria$fAlessandro Romagnoli 210 $aTorino $cGiappichelli $d©2004 215 $aX, 159 p.$d24 cm. 225 | $aCollana di economia. - Torino $eGiappichelli 410 0$1001RML0329473$12001 $aCollana di economia. - Torino $eGiappichelli 606 $aIndustria agricola$2FIR$3RMLC012018$9I 676 $a338.763$9$v20 700 1$aROMAGNOLI$b, Alessandro$3RMLV152482$027882 801 3$aIT$bIT-01$c20121121 850 $aIT-FR0098 899 $aBiblioteca Area Giuridico Economica$bFR0098 912 $aRML0296902 950 0$aBiblioteca Area Giuridico Economica$d 53DIMET 338.763/2$e 53VM 0000666965 VM barcode:BAGE000973. - Inventario:128. - Fondo:Sala consultazioneVM$fA $h20070220$i20121204 977 $a 53 996 $aImpresa agraria$9749469 997 $aUNICAS LEADER 01526nam0 22003733i 450 001 NAP0492212 005 20251003044253.0 010 $a0201675153 100 $a20100531d2001 ||||0itac50 ba 101 | $aeng 102 $agb 181 1$6z01$ai $bxxxe 182 1$6z01$an 200 1 $aABAP/4: programming the SAP R/3 system$fBernd Matzke 205 $a2. ed 210 $aHarlow$cAddison-Wesley$d2001 215 $aVIII, 726 p.$d24 cm$e1 CD-ROM. 225 | $aˆThe ‰SAP series 410 0$1001NAP0492215$12001 $aˆThe ‰SAP series 606 $aAziende$xGestione$xProgrammi per microelaboratori$2FIR$3CFIC073635$9I 606 $aMicroelaboratori elettronici$xProgrammi SAP/R3$2FIR$3NAPC250757$9I 676 $a650.0285$9GESTIONE E SERVIZI AUSILIARI. Elaborazione dei dati, Applicazioni dell'elaboratore$v14 676 $a650.02855376$9GESTIONE E SERVIZI AUSILIARI. Programmi specifici per sistemi di elaborazione distribuita$v22 696 $aImprese 699 $aAziende$yImprese 700 1$aMatzke$b, Bernd$3TSAV157795$4070$0771105 801 3$aIT$bIT-000000$c20100531 850 $aIT-BN0095 901 $bNAP 01$cRCOST $nMateriale bibliografico trasferito come da verbale del 15/07/2009 912 $aNAP0492212 950 0$aBiblioteca Centralizzata di Ateneo$c1 v. + 1 CD-ROM$d 01RCOST 650.0285 MAT.ab$e 0102 0000076495 VMA 1 v. + 1 CD-ROM$fY $h20091210$i20091210 977 $a 01 996 $aABAP$91573479 997 $aUNISANNIO